Countries of the World in 1500 and 2026 - Statistics

General Stats
  • This quiz has been taken 61 times
    4 since last reset
  • The average score is 29 of 37
Answer Stats
Continent Answer % Correct
Asia China
100%
Europe Denmark
100%
Oceania Fiji
100%
Europe France
100%
Europe Hungary
100%
Asia Japan
100%
Europe/Asia Kazakhstan
100%
Africa Morocco
100%
Europe Norway
100%
Europe Poland
100%
Europe Portugal
100%
Europe/Asia Russia
100%
Oceania Samoa
100%
Europe San Marino
100%
Europe Sweden
100%
Oceania Tonga
100%
Asia Vietnam
100%
Europe Andorra
67%
Africa Benin
67%
Asia Cambodia
67%
Africa Egypt
67%
Africa Ethiopia
67%
Europe Lithuania
67%
Africa Malawi
67%
Asia Maldives
67%
Africa Mali
67%
Europe Moldova
67%
Europe Montenegro
67%
Africa Oman
67%
Africa Rwanda
67%
Asia Thailand
67%
Asia Uzbekisan
67%
Asia Yemen
67%
Asia Brunei
33%
Asia Burma
33%
Asia Sri Lanka
33%
Africa Tunisia
33%
No matching quizzes found
Score Distribution
Percent of People with Each Score
Percentile by Number Answered
Your Score History
You have not taken this quiz since the last reset